000 00651cam a22002293a 4500
001 19449
003 PGUSA
005 20140828083419.0
008 061003s2006||||xxu|||||s|||||000 | eng d
040 _aPGUSA
_beng
042 _adc
050 4 _aE011
100 1 _aCurtis, Edward S.,
_d1868-1952
245 1 4 _aThe North American Indian, Vol. 1
_h[electronic resource] /
_cEdward S. Curtis
260 _bProject Gutenberg,
_c2006
506 _aPublic domain in the USA.
516 _aElectronic text
653 _aIndians of North America
830 0 _aProject Gutenberg
_v19449
856 4 0 _uhttp://www.gutenberg.org/ebooks/19449
942 _cEB
999 _c248704
_d248704